Topley & Wilson's Microbiology & Microbial Infections CUMULATIVE INDEX (Record no. 16537)

000 -LEADER
fixed length control field 00424nam a22001577a 4500
003 - CONTROL NUMBER IDENTIFIER
control field OSt
005 - DATE AND TIME OF LATEST TRANSACTION
control field 20170105103444.0
008 - FIXED-LENGTH DATA ELEMENTS--GENERAL INFORMATION
fixed length control field 120507t xxu||||| |||| 00| 0 eng d
020 ## - INTERNATIONAL STANDARD BOOK NUMBER
International Standard Book Number 0340663170
040 ## - CATALOGING SOURCE
Transcribing agency ASAB
100 ## - MAIN ENTRY--PERSONAL NAME
Personal name Topley & Wilson
9 (RLIN) 268
245 ## - TITLE STATEMENT
Title Topley & Wilson's Microbiology & Microbial Infections CUMULATIVE INDEX
300 ## - PHYSICAL DESCRIPTION
Extent 341
650 ## - SUBJECT ADDED ENTRY--TOPICAL TERM
Topical term or geographic name entry element Microbiology & Microbial Infections
9 (RLIN) 269
942 ## - ADDED ENTRY ELEMENTS (KOHA)
Source of classification or shelving scheme
Koha item type Book
Holdings
Withdrawn status Lost status Source of classification or shelving scheme Damaged status Not for loan Permanent Location Current Location Date acquired Total Checkouts Full call number Barcode Date last seen Copy number Price effective from Koha item type
          Atta-ur-Rahman School of Applied Biosciences (ASAB) Atta-ur-Rahman School of Applied Biosciences (ASAB) 05/07/2012   616.01, WIL ASAB1245 05/07/2012 Photocopy 05/07/2012 Book
          Atta-ur-Rahman School of Applied Biosciences (ASAB) Atta-ur-Rahman School of Applied Biosciences (ASAB) 05/07/2012   616.01, WIL ASAB1247 05/07/2012 Photocopy 05/07/2012 Book
          Atta-ur-Rahman School of Applied Biosciences (ASAB) Atta-ur-Rahman School of Applied Biosciences (ASAB) 05/07/2012   616.01, WIL ASAB1248 05/07/2012 Photocopy 05/07/2012 Book
          Atta-ur-Rahman School of Applied Biosciences (ASAB) Atta-ur-Rahman School of Applied Biosciences (ASAB) 05/07/2012   616.01, WIL ASAB1246 05/07/2012 Photocopy 05/07/2012 Book
© 2023 Central Library, National University of Sciences and Technology. All Rights Reserved.